| 000 | 00823nam a22002295i 4500 | ||
|---|---|---|---|
| 001 | 163608 | ||
| 003 | ES-MaACL | ||
| 005 | 20230906212757.0 | ||
| 008 | 050715s1855 fr | |||||||| ||fre d | ||
| 040 |
_aCAM _bspa _cCAM |
||
| 100 | 1 |
_aRobert, Adrien. _997798 |
|
| 245 | 1 | 0 |
_aContes excentriques / _cpar Charles Newil. |
| 250 | _a2e éd. | ||
| 260 |
_aParis : _bLibrairie de L. Hachette, _c1855 ( _fTypographie de Ch. Lahure) |
||
| 300 |
_a241 p. ; _c18 cm. |
||
| 490 | 1 | _aBibliothèque des Chemins de Fer | |
| 594 | _aCharles Newil es seudónimo de Adrien Robert. | ||
| 598 | _aLa mención de serie consta en la cub. original. | ||
| 830 | 0 |
_aBibliothèque des Chemins de Fer _9188440 |
|
| 852 |
_aES-MaACL _jD-2443 _z-- Enc. hol. conservando la cub. original _z-- Legado M. de la Fuente |
||
| 999 |
_c163608 _d163608 |
||